Countries in FIFA World Cup 2014 - Statistics

General Stats
  • This quiz has been taken 57 times
  • The average score is 29 of 32
Answer Stats
Rank Country % Correct
Runners-Up (2nd Place) Argentina
100%
Host (4th Place) Brazil
100%
9th Place Chile
100%
7th Place France
100%
Champions (1st Place) Germany
100%
3rd Place Netherlands
97%
18th Place Portugal
97%
23rd Place Spain
97%
6th Place Belgium
95%
5th Place Colombia
95%
15th Place United States
95%
12th Place Uruguay
95%
8th Place Costa Rica
92%
26th Place England
92%
22nd Place Italy
92%
29th Place Japan
92%
10th Place Mexico
92%
27th Place South Korea
92%
32nd Place Cameroon
89%
11th Place Switzerland
89%
14th Place Algeria
87%
25th Place Ghana
87%
24th Place Russia
87%
30th Place Australia
84%
19th Place Croatia
84%
28th Place Iran
84%
13th Place Greece
82%
31st Place Honduras
82%
16th Place Nigeria
82%
17th Place Ecuador
79%
21st Place Ivory Coast
79%
20th Place Bosnia & Herzegovina
74%
No matching quizzes found
Score Distribution
Percent of People with Each Score
Percentile by Number Answered
Your Score History
You have not taken this quiz